| 000 | 00855nam a2200229Ii 4500 | ||
|---|---|---|---|
| 003 | JO-AjNU | ||
| 008 | 230605s9999||||xx |||||||||||||| ||und|| | ||
| 017 | _a2010/16223 | ||
| 020 | _a978-977-379-133-8 | ||
| 040 |
_aJO-AjNU _bara _erda _cJO-AjNU |
||
| 041 | _aara | ||
| 050 | 1 | 4 | _aKZ6471.F336.2011 |
| 100 | 3 |
_aتأليف فهمى، خالد مصطفى, _eauthor _934142 |
|
| 245 | 0 | 0 | _aالقانون الدولي الإنساني: الأسس والمفاهيم وحماية الضحايا |
| 250 | _aط1 | ||
| 264 | 3 | 1 | _aالأسكندرية: دار الفكر الجامعى، 2011 |
| 300 |
_a387ص _bيشتمل على مراجع ببلوغرافيةص(373-384) |
||
| 336 |
_atext _btxt _2rdacontent |
||
| 337 |
_aunmediated _bn _2rdamedia |
||
| 338 |
_avolume _bnc _2rdacarrier |
||
| 650 | 4 |
_aالقانون الدولي الإنساني _934143 |
|
| 999 |
_aA13966 _c17534 _d17534 |
||